Statistics for Math Geeks #4: Basic Algebra

Click here to take the quiz!

General Stats

  • This quiz has been taken 186 times
  • The average score is 9 of 10

Answer Stats

HintAnswer% Correct
2x=100, x=?50
99%
x+2=9, x=?7
99%
7x-1=13, x=?2
97%
x/2=5, x=?10
94%
-x=-11, x=?11
90%
4x-2x=x+12, x=?12
84%
10x-3=87, x=?9
82%
4x/2=x+3, x=?3
77%
3x-2=-x+62, x=?16
68%
-x-25=15-2x, x=?40
62%

Score Distribution

Percentile by Number Answered

Percent of People with Each Score

Your Score History

You have not taken this quiz